| 000 | 01608cas a2200433 a 4500 | ||
|---|---|---|---|
| 001 | data | ||
| 005 | 20260322212112.0 | ||
| 008 | data | ||
| 035 | _a11387782 | ||
| 906 |
_a7 _bcbc _cserials _d2 _encip _f19 _gn-oclcserc |
||
| 010 | _a 91645119 | ||
| 035 | _a(OCoLC)23606919 | ||
| 040 |
_aDLC _beng _cDLC _dOCLCQ _dOCLCO _dOCLCF _dOCLCQ |
||
| 041 | 0 |
_apol _brus _bger _brus |
|
| 042 | _apcc | ||
| 050 | 0 | 0 |
_aHD28 _b.P7 subser. _aHD28 |
| 245 | 0 | 0 |
_aPrace naukowe Instytutu Organizacji i Zarządzania Politechniki Wrocławskiej. _pSeria Studia i materiały. |
| 246 | 3 | 0 | _aSeria Studia i materiały |
| 260 |
_aWrocław : _bWydawn. Politechniki Wrocławskiej |
||
| 300 |
_avolumes : _billustrations ; _c24 cm |
||
| 310 | _aIrregular | ||
| 336 |
_atext _btxt _2rdacontent |
||
| 337 |
_aunmediated _bn _2rdamedia |
||
| 338 |
_avolume _bnc _2rdacarrier |
||
| 546 | _aSummaries and table of contents in English, German, and Russian. | ||
| 588 | _aDescription based on: 4, published in 1972. | ||
| 588 | _aLatest issue consulted: 11, published in 1979. | ||
| 590 | _aSERBIB/SERLOC merged record | ||
| 650 | 0 | _aIndustrial management. | |
| 650 | 0 | _aManagement. | |
| 650 | 7 |
_aIndustrial management. _2fast _0(OCoLC)fst00971246 |
|
| 650 | 7 |
_aManagement. _2fast _0(OCoLC)fst01007141 |
|
| 710 | 2 |
_aPolitechnika Wrocławska. _bInstytut Organizacji i Zarządzania. |
|
| 890 |
_aPrace naukowe Instytutu Organizacji i Zarządzania Politechniki Wrocławskiej. Seria Studia i materiały. _i91-645119 |
||
| 920 | _aKeep 1 | ||
| 991 |
_bc-GenColl _hT58.6 _i.P7 subser. _wSERIALS |
||
| 992 |
_bEurRR _wSERLOC |
||
| 999 |
_c1674 _d1674 |
||